Statistics for Fast Typing Consonants

Click here to take the quiz!

General Stats

  • This quiz has been taken 34 times
    (33 since last reset)
  • The average score is 20 of 21

Answer Stats

Answer% Correct
B
100%
C
100%
D
100%
F
96%
G
92%
H
92%
J
92%
K
92%
L
92%
M
92%
N
92%
P
92%
Q
92%
R
92%
S
92%
T
92%
V
92%
W
92%
X
92%
Y
92%
Z
92%

Score Distribution

Percentile by Number Answered

Percent of People with Each Score

Your Score History

You have not taken this quiz since the last reset